| 000 | 01010nam a22002775i 4500 | ||
|---|---|---|---|
| 001 | 16806 | ||
| 003 | ES-MaACL | ||
| 005 | 20230906151411.0 | ||
| 007 | t| | ||
| 008 | 001108m19901991sp |||| | spa | ||
| 020 | _a84-87246-01-X | ||
| 080 | _a37.013(082.2) | ||
| 080 | _a37(460)(082.2) | ||
| 245 | 0 | 0 |
_aTextos básicos para la historia pedagógica madrileña / _c[seleccionados] por Teodoro Martín, Matilde Sagaró. |
| 260 |
_aMadrid : _b[Centro Madrileño de Investigaciones Pedagógicas], _c1990-1991. |
||
| 300 |
_a2 v. (79 ; 88 p.) ; _c21 cm. |
||
| 490 | 1 |
_aBiblioteca pedagógica ; _v1, 3 |
|
| 650 | 1 | 4 |
_aPedagogía- _zEspaña. _9169572 |
| 650 | 4 |
_aEnseñanza- _zMadrid (Comunidad Autónoma)- _vHistoria. _9142299 |
|
| 700 | 1 |
_aMartín Martín, Teodoro. _977556 |
|
| 700 | 1 |
_aSagaró Faci, Matilde. _9101412 |
|
| 710 | 2 |
_aCentro Madrileño de Investigaciones Pedagógicas. _92756 |
|
| 830 | 1 |
_aBiblioteca pedagógica ; _v1, 3 _9182673 |
|
| 852 | 4 |
_aES-MaACL _jG-3895-96 |
|
| 999 |
_c16806 _d16806 |
||